<?xml version="1.0" encoding="UTF-8"?>
<record
    xmlns:xsi="http://www.w3.org/2001/XMLSchema-instance"
    xsi:schemaLocation="http://www.loc.gov/MARC21/slim http://www.loc.gov/standards/marcxml/schema/MARC21slim.xsd"
    xmlns="http://www.loc.gov/MARC21/slim">

  <leader>02019    a2200229   4500</leader>
  <controlfield tag="001">54332</controlfield>
  <controlfield tag="005">20260407155815.0</controlfield>
  <controlfield tag="008">260407a1970    arg                 spa d</controlfield>
  <controlfield tag="003">AR-UNSa-BCEJYS</controlfield>
  <datafield tag="040" ind1=" " ind2=" ">
    <subfield code="a">AR-UNSa-BCEJYS</subfield>
    <subfield code="b">spa</subfield>
    <subfield code="c">AR-UNSa-BCEJYS</subfield>
  </datafield>
  <datafield tag="080" ind1=" " ind2=" ">
    <subfield code="a">338.1</subfield>
    <subfield code="x">Situaci&#xF3;n econ&#xF3;mica. Ciclos. Desarrollo de la estructura econ&#xF3;mica</subfield>
  </datafield>
  <datafield tag="245" ind1="1" ind2="0">
    <subfield code="a">Estructura econ&#xF3;mica</subfield>
    <subfield code="p">Teor&#xED;a b&#xE1;sica y estructura mundial</subfield>
  </datafield>
  <datafield tag="250" ind1=" " ind2=" ">
    <subfield code="a">2a. ed.</subfield>
  </datafield>
  <datafield tag="264" ind1=" " ind2="1">
    <subfield code="a">Barcelona :</subfield>
    <subfield code="b">Ediciones Ariel</subfield>
    <subfield code="c">1970</subfield>
  </datafield>
  <datafield tag="300" ind1=" " ind2=" ">
    <subfield code="a">651 p.</subfield>
    <subfield code="c">23 cm.</subfield>
  </datafield>
  <datafield tag="505" ind1=" " ind2=" ">
    <subfield code="a">1. la vis&#xF3;n estructural en econom&#xED;a - 2. Las fuentes de la estructura econ&#xF3;mica - 3. El moderno estructuralismo - 4. Los componentes de la realidad econ&#xF3;mica - 5. El an&#xE1;lisis cuantitativo - 6. El an&#xE1;lisis intersectorial - 7. Aplicaciones estructurales del modelo de Leontief - 8. El an&#xE1;lisis macroecon&#xF3;mico de la realidad - 9. Aplicaciones estructurales de contabilidad - 10. La renta y el an&#xE1;lisis estructural - 11. Resultados finales del an&#xE1;lisis cuantitativo - 12. La visi&#xF3;n global de la realidad econ&#xF3;mica - 13. La actividad econ&#xF3;mica como realidad social - 14. Estructura y desarrollo - 15. Los sistemas econ&#xF3;micos - 16. Conclusiones sobre el an&#xE1;lisis estructural - 17. Introducci&#xF3;n panor&#xE1;mica a la econom&#xED;a mundial - 18. Componentes objetivos de la estructura mundial - 19. T&#xE9;cnica y organizaci&#xF3;n - 20. Componnetes demogr&#xE1;ficos - 21. Estructura espacial de la econom&#xED;a mundial - 22. La estructura del consumo - 23. La actividad productiva - 24. La modernizaci&#xF3;n d elas actividades primitivas - 25. La actividad ganadera - 26. La estructura agraria -  27. Tipolog&#xED;a y localizaci&#xF3;n de la agricultura mundial - 28. La miner&#xED;a industrial - 29. La energ&#xED;a - 30. Estructura industrial - 31. Tipolog&#xED;a y localizaci&#xF3;n de la industria - 32. Estructura de las comunicaciones - 33. El intercambio mundial</subfield>
  </datafield>
  <datafield tag="041" ind1=" " ind2=" ">
    <subfield code="a">spa</subfield>
  </datafield>
  <datafield tag="942" ind1=" " ind2=" ">
    <subfield code="c">BK</subfield>
  </datafield>
  <datafield tag="590" ind1=" " ind2=" ">
    <subfield code="a">niveau_biblio:m niveau_hierar:0</subfield>
  </datafield>
  <datafield tag="100" ind1="1" ind2=" ">
    <subfield code="a">Sampedro, Jos&#xE9; Luis</subfield>
  </datafield>
  <datafield tag="700" ind1="1" ind2=" ">
    <subfield code="a">Mart&#xED;nez Corti&#xF1;a, Rafael</subfield>
  </datafield>
  <datafield tag="999" ind1=" " ind2=" ">
    <subfield code="c">5496</subfield>
    <subfield code="d">5496</subfield>
  </datafield>
  <datafield tag="952" ind1=" " ind2=" ">
    <subfield code="0">0</subfield>
    <subfield code="1">0</subfield>
    <subfield code="4">0</subfield>
    <subfield code="7">0</subfield>
    <subfield code="a">BCEJYS</subfield>
    <subfield code="b">BCEJYS</subfield>
    <subfield code="c">16</subfield>
    <subfield code="d">2026-04-07</subfield>
    <subfield code="l">0</subfield>
    <subfield code="o">338.1 S192 2ed.</subfield>
    <subfield code="p">L13466</subfield>
    <subfield code="r">2026-04-07 15:58:15</subfield>
    <subfield code="w">2026-04-07</subfield>
    <subfield code="y">L</subfield>
  </datafield>
</record>
